000 00726nam a2200205 a 4500
001 000336772
003 AM-YEHGA
005 20250825133303.0
008 040519s1920 it |||||||||||000|0|arm|d
040 _aAM-YEHGA
041 1 _aarm
100 1 _aԱմիչիս, Էտմոնտոյ տէ
245 1 0 _aՈստանիկ լեզուն /
_cԷտմոնտոյ տէ Ամիչիս ; Թարգմանաբար յօրինեց՝ Հ. Ալեքսիս Ա. Յովսէփեան.
260 _aՎենետիկ :
_bԱ. հ.,
_c1920.
300 _a312 էջ
440 0 _aՄատենագրութիւնք նախնեաց
650 1 4 _aՄայրենի լեզու
700 1 _aՅովսէփեան, Հ. Ալեքսիս Ա.
_eթարգմ.
_4trl
942 _2udc
_cBK
999 _c127022
_d127022